Turquie : /

محفوظ في:

المؤلف الرئيسي: Reinhard, Kurt

التنسيق: كتاب

اللغة: Undetermined

منشور في: Paris : Buchet-Chastel, 1969.

سلاسل: Traditions musicales 4

الموضوعات:

الوسوم: إضافة وسم

لا توجد وسوم, كن أول من يضع وسما على هذه التسجيلة!

رقم الطلب: ML262 .R36

LEADER 00589nam a2200169Ia 4500
008 220401s9999||||xx |||||||||||||| ||und||
050 4 |a ML262 .R36 
100 1 |a Reinhard, Kurt 
245 1 0 |a Turquie :  |b  /  |c Kurt Reinhard. 
264 1 |a Paris :  |b Buchet-Chastel,  |c 1969. 
300 |a 275p. :  |b music, plates ;  |c 20cm. 
490 0 |a Traditions musicales 4 
500 |a bibliography. 
650 1 4 |a Music Turkey History and criticism. 
942 |2 lcc  |c BK 
952 |0 0  |1 0  |2 lcc  |4 0  |6 ML0262 R36  |7 1  |9 39193  |a ARCE  |b ARCE  |d 2022-04-01  |l 0  |o ML262 .R36  |p 1007959  |r 2022-04-01 00:00:00  |w 2022-04-01  |y BK 
999 |c 46774  |d 46774